VERBAL ABILITY & READING COMPREHENSION for CAT (Record no. 215778)

MARC details
000 -LEADER
fixed length control field 00694nam a22002057a 4500
005 - DATE AND TIME OF LATEST TRANSACTION
control field 20260327112918.0
010 ## - LCCN (DPL NO)
LC control number ENG-147986
020 ## - INTERNATIONAL STANDARD BOOK NUMBER
International Standard Book Number 9789364444842
Terms of availability 1050.00
035 ## - SYSTEM CONTROL NUMBER
System control number EN-131518
037 ## - SOURCE OF ACQUISITION
Source of stock number/acquisition DBAD
082 ## - DEWEY DECIMAL CLASSIFICATION NUMBER
Classification number 000
Edition number 1
100 ## - MAIN ENTRY--PERSONAL NAME
Personal name Sharma Arun
245 ## - TITLE STATEMENT
Title VERBAL ABILITY & READING COMPREHENSION for CAT
Statement of responsibility, etc Arun Sharma
Remainder of title Common Admission test & Other Management Examinations
250 ## - EDITION STATEMENT
Edition statement 1
260 ## - PUBLICATION, DISTRIBUTION, ETC. (IMPRINT)
Place of publication, distribution, etc India
Name of publisher, distributor, etc McGraw Hill Education Private Limited
Date of publication, distribution, etc 2026
270 ## - ADDRESS
Address Anjana complex no: 5/90A, Butt Road, St. Thomas Mount,
City chennai
State or province 600016
300 ## - PHYSICAL DESCRIPTION
Extent 852.pg
Dimensions 27cm(pb)
700 ## - ADDED ENTRY--PERSONAL NAME
9 (RLIN) 88786
Personal name Meenakshi Upadhyay
942 ## - ADDED ENTRY ELEMENTS (KOHA)
Source of classification or shelving scheme Dewey Decimal Classification
Item type English Books
Classification part 000
Call number suffix SHA
Edition 1
Holdings
Withdrawn status Lost status Not for loan Collection code Home library Current library Date acquired Source of acquisition Cost, normal purchase price Full call number Barcode Copy number Cost, replacement price Koha item type
      Non-fiction Sarojini Nagar Sarojini Nagar 27/03/2026 DBAD 1050.00 000 SHA EN-131518 1 1050.00 English Books

© Delhi Public Library
Hit Counter
free hit counter